| 000 | 00674nam a2200169 a 4500 | ||
|---|---|---|---|
| 008 | 090420s2006 ||||||||||||||||| || u | ||
| 020 | _a0750669209 | ||
| 050 | _aHD 62.5 Low | ||
| 100 | _aMarriott, Sue | ||
| 245 | 1 | 0 |
_aEnterprise: entrepreneurship and innovation: concepts, contexts and commercialization _cby Robin, Lowe ; Sue Marriott |
| 260 |
_aLondon _bButterworth-Heinemann _c2006 |
||
| 300 | _axxv,444p.: ill | ||
| 350 | _a0.00 | ||
| 650 | 0 | _aENTREPRENEURSHIP | |
| 700 | _aLowe, Robin, 1945- | ||
| 995 |
_D0.00 _FCBU-MAIN LIBRARY (Kitwe) _H1 _I0.00 _M1 _UAVAILABLE _WApr 20, 2009 _ZMain Library Open Access Collection |
||
| 999 |
_c42098 _d42098 |
||